00624cam a22002291 4500001001300000003000400013005001700017008004100034010001700075035002000092040001800112042001200130050001700142100003300159245007800192260001100270300002300281500001400304650001800318740004100336999001700377sa 67007404 DLC20260227112415.0890815s1966 ii 000 0 orio  asa 67007404  a(OCoLC)20181317 aDLCcWaUdDLC apremarc00aPK2576b.M481 aMisra, Gopal Chandra,d1925-10aPrācina Oḍiā gīti kabitā.bTypes of early Oriya lyrical poetry. c[1966] a21, 144 p.c19 cm. aIn Oriya. 0aOriya poetry.0 aTypes of early Oriya lyrical poetry. c76562d76562